Medical Terminology A-Z - Statistics

General Stats
  • This quiz has been taken 3,730 times
  • The average score is 19 of 26
Answer Stats
Hint Answer % Correct
J A condition that can turn skin and eyes yellow Jaundice
91%
C The uncontrolled growth of abnormal cells anywhere in a body Cancer
89%
F A term used to describe an overall feeling of tiredness or lack of energy Fatigue
88%
I Acronym for area of hospital designated for seriously ill patients ICU
88%
E A deadly disease affecting humans and primates located mainly in sub-Saharan Africa Ebola
86%
D An outdated term that was used to describe early symptoms of Alzheimer's disease Dementia
85%
P Medical practice specializing in child health Paediatric
85%
X One of the two male chromosomes X Chromosome
85%
U An open sore in the stomach, esophagus or small intestine Ulcer
83%
M Blood producing substance in bones Marrow
82%
V A controversial shot given to stimulate antibodies and provide immunity Vaccine
81%
W Bodily organ where offspring are conceived and gestate before birth Womb
79%
T Another word for the coccyx Tailbone
76%
K Another word for the patella Kneecap
75%
S Disease caused by vitamin C deficiency Scurvy
75%
R An area of irritated or swollen skin Rash
74%
A A skin condition caused by hair follicles plugged with oil and dead skin cells Acne
70%
N A sleep disorder Narcolepsy
69%
Z Viral disease spread by mosquitoes that can cause birth defects Zika
65%
L Ancient disfiguring disease that was stigmatized and patients were outcasts Leprosy
61%
Y A viral infection spread by the Aedes mosquito Yellow Fever
61%
O Medical practice specializing in childbirth and pregnant women Obstetrics
60%
B A harmless skin blemish that’s present when, or develops soon after, a baby is born Birthmark
59%
G A condition that occurs when damaged body tissue dies Gangrene
54%
H Genetic disorder that impairs the body's ability to make blood clots Hemophilia
54%
Q Slang word for a doctor Quack
45%
No matching quizzes found
Score Distribution
Percent of People with Each Score
Percentile by Number Answered
Your Score History
You have not taken this quiz